| 000 | 01522nam a2200361 i 4500 | ||
|---|---|---|---|
| 001 | 000045927 | ||
| 003 | DO-SdBNP | ||
| 005 | 20250805103804.0 | ||
| 007 | ta | ||
| 008 | 150602s2015 dr acd 001 0 spa d | ||
| 020 | _a9789945897609 | ||
| 040 |
_aDO-SdBNP _bspa _cBNPHU _erda |
||
| 041 | _aspa | ||
| 082 | 4 |
_axxx _bR934h _222 |
|
| 100 | 1 |
_aRuiz Árbol Cana, Antares del, _eautor _4aut. _973996 |
|
| 245 | 1 | 0 |
_aHacer España en América, Guillermina Medrano Aranda (1912-2005) : _bla pervivencia del magisterio republicano en el exilio americano / _cAntares Ruiz del Árbol Cana ; prólogo, Bernardo Vega ; cuidado de edición, Jesús R. Navarro Zerpa |
| 250 | _aPrimera edición | ||
| 264 | 1 |
_aSanto Domingo : _bAcademia Dominicana de la Historia, _c2015. |
|
| 300 |
_a665 páginas : _bilustraciones, retratos, gráficos ; _c23 cm. |
||
| 336 |
_atexto _btxt _2rdacontent |
||
| 337 |
_asin mediación _bn _2rdamedia |
||
| 338 |
_avolumen _bnc _2rdacarrier |
||
| 440 | _a | ||
| 490 | 1 |
_aColección Academia Dominicana de la Historia _v123 |
|
| 500 | _aIncluye referencias bibliográficas y notas al pie de las páginas | ||
| 500 | _aIncluye índices | ||
| 500 | _aIncluye datos biografícos del autor en las solapas | ||
| 504 | _aBibliografía : páginas 593-616 | ||
| 590 | _aInventariado, 2024/BT | ||
| 700 | 1 |
_aVega, Bernardo, _d1938 - _eprologuista _4pr. _93222 |
|
| 700 | 1 |
_aNavarro Zerpa, Jesús R., _eeditor _4ed. _973422 |
|
| 942 |
_2ddc _cLBS1 |
||
| 999 |
_c45416 _d45416 |
||